00940nam a2200229 a 4500001001000000003000500010005001700015008004100032010001100073011001100084040000900095100003900104245019900143260004100342500006000383502008100443650002400524650001200548650004700560700003300607856007000640000109336CHAP20220329144047.0140422s2013 mx sm |||||||spa d a105798 a106770 cCHAP1 aHernández González, Juan Pablo10aGeneración y agrupación de precipitaciones máximas para fines de drenaje superficial , Estado de Tabascoh[En línea]cpor Juan Pablo Hernández González y José Erivan Ochoa Morales. aChapingo, Méx. :bEl autor,c2013. aPara ver el contenido del material haga clic en la liga aTesis (Ing. Agr. Esp. en Irrigación) -- UACH. Departamento de Irrigación14aDrenaje agrícola.14aLluvia.14aPrecipitación (Meteorología)xTabasco.1 aOchoa Morales, José Erivan aFinding aiduhttp://10.13.5.2/tesis/sist109336.pdfzTeclea aquí